000 02520ngm a2200541 a 4500
003 BLK
005 20240528150401.0
008 180410b bul||n||s|||||||| m|bulo|
010 _aCDD00005200000
040 _aBLK
041 _aBUL
_cBUL
072 7 _2bullib
_aФ0602
_xДокументални филми Ф
072 7 _2bullib
_aК
_xКраезнание
080 _aНационалноосвободителното движение в България (1856-1877)
_b94(497.2)"1856/1877"
_x(092)(086.8)
_z94(497.2)"1856/1877"(092)(086.8)
080 _aКраезнание
_b908
_x(497.215)(086.8)
_z908(497.215)(086.8)
080 _aФилмова информация. Кинохроники
_b791.43-92
_z791.43-92
080 _aБиографии
_b929
_x(497.215)
_z929(497.215)
139 _a[Тринадесет] 13 подстъпа към свободата [видео DVD]
_bТ 83
245 1 0 _a[Тринадесет] 13 подстъпа към свободата [видео DVD]
_cсценарист Емил Радев; режисьор Пенка Шопова; оператор Валентин Косев.
257 _aBGR
260 _aРусе
_bРегион. телевизионен център
_c[2008]
300 _a(352 MB)
_c12 см
380 _a7
490 _aОпознайте историята и забележителностите на родния край с филмите на РТВЦ - Русе
500 _aДигитално изд.
650 4 _aНационалноосвободително движение - България - дейци
_9243361
650 4 _aРусе - история
_9242626
651 4 _aРусе
_9179462
651 4 _aБългария
_9241624
653 _aнационалноосвободителни движения
653 _aосманско владичество
653 _aреволюционери
653 _aдокументални филми
659 _aК
659 _aФ
700 1 _aРадев, Емил
_qЕнчев, Емил Радев
_9354984
700 1 _aШопова, Пенка
_eрежисьор
_9354982
700 1 _aКосев, Валентин
_eоператор
_9354985
852 _aЦб CD 2993
_p0
852 _aК 94(497.2.)"1856/1877"(092)/Т 83
856 4 _qpdf
_u
856 4 _qpdf
_u
942 _cCDD
_n0
_s1
944 _aCR
_c19.10.2011
_k30553
_lИваничка Йорданова
944 _aED
_c18.09.2013
999 _c223473
_d223473
999 _d223473
999 _d223473